000 00454nam a2200145Ia 4500
008 100204s9999 xx 000 0 und d
082 _b10567
100 _aबोरकर बालकृष्ण भगवंत
245 _aअनुरागिणी
260 _b"सुरेश एजन्सी , पुणे"
300 _a90
630 _aअनुरागिणी
730 _aअनुरागिणी
942 _cBOOK
999 _c455003
_d455000